00405nam a2200121Ia 4500008004100000100001700041245009000058245001700148260005900165650001800224650001500242856002600257170221s9999 xx 000 0 und d aJinal Parikh aReaders’ Perceptions of Leading Vernacular Dailies in Ahmedabad, (Gujarat, India)  cJinal Parikh bOnline Journal of Communication and Media Technologies xCommunication xMedia Arts uhttp://www.ojcmt.net/